000
00244nam a2200097Ia 4500
008
230915s9999 xx 000 0 und d
050
_a
QM 25 .H86 2017
100
_a
GOSLING, JOHN
245
0
_a
Human anatomy : color atlas and text
942
_c
BK
999
_c
192878
_d
192878